| 000 | 00462nam a2200157Ia 4500 | ||
|---|---|---|---|
| 003 | SGT | ||
| 020 | _a9780070612235 | ||
| 082 | _a530.141,HAY | ||
| 100 | _aHAYT,W.H. | ||
| 245 | _aEngineering electromagnetics | ||
| 260 |
_bTata McGraw Hill Education Private Limited _aNew Delhi _c2009 |
||
| 300 | _a582p. | ||
| 650 | _aELECTRONICS ENGINEERING | ||
| 653 | _aVECTOR ANALYSIS, COULOMB,S LAW AND ELECTRIC FIELD INTENSITY, ENERGY AND POTENIAL | ||
| 942 |
_2ddc _cBK _01 |
||
| 999 |
_c5215 _d5215 |
||